<?xml version="1.0" encoding="UTF-8"?>
<collection xmlns:xsi="http://www.w3.org/2001/XMLSchema-instance" xsi:schemaLocation="http://www.loc.gov/MARC21/slim http://www.loc.gov/standards/marcxml/schema/MARC21slim.xsd" xmlns="http://www.loc.gov/MARC21/slim">
 <record>
  <leader>00000cab a22000004cb4500</leader>
  <controlfield tag="001">IPN-00000953425</controlfield>
  <controlfield tag="003">IPN</controlfield>
  <controlfield tag="005">20241019162657.0</controlfield>
  <controlfield tag="008">241019s2024    xx     d | ||r |||||   ||</controlfield>
  <datafield tag="100" ind1="1" ind2="#">
   <subfield code="a">Mendoza,  Red</subfield>
  </datafield>
  <datafield tag="245" ind1="1" ind2="0">
   <subfield code="a">Enrile,  2 others  cleared of plunder</subfield>
  </datafield>
  <datafield tag="264" ind1="#" ind2="1">
   <subfield code="c">2024</subfield>
  </datafield>
  <datafield tag="300" ind1="#" ind2="#">
   <subfield code="b">illustrations</subfield>
  </datafield>
  <datafield tag="650" ind1="1" ind2="0">
   <subfield code="a">Enrile, Juan Ponce Sr.</subfield>
  </datafield>
  <datafield tag="650" ind1="2" ind2="0">
   <subfield code="a">Pillage</subfield>
  </datafield>
  <datafield tag="650" ind1="2" ind2="0">
   <subfield code="a">Priority Development Assistance Fund</subfield>
  </datafield>
  <datafield tag="773" ind1="0" ind2="#">
   <subfield code="t">Manila Times</subfield>
   <subfield code="g">Vol. 125, no. 360 (Oct. 05, 2024), A1+</subfield>
  </datafield>
  <datafield tag="852" ind1="#" ind2="#">
   <subfield code="a">UPD</subfield>
   <subfield code="b">DMLP</subfield>
  </datafield>
  <datafield tag="942" ind1="#" ind2="#">
   <subfield code="a">Article</subfield>
  </datafield>
  <datafield tag="950" ind1="#" ind2="#">
   <subfield code="a">FI</subfield>
  </datafield>
 </record>
</collection>
